Δημόσιες σχέσεις : στρατηγικές & τεχνικές
Αποθηκεύτηκε σε:
| Κύριος συγγραφέας: | |
|---|---|
| Άλλοι συγγραφείς: | , , |
| Μορφή: | Βιβλίο |
| Γλώσσα: | Greek English |
| Δημοσίευση: |
Αθήνα :
Ελλην,
c1998.
|
| Έκδοση: | 4η έκδ. |
| Θέματα: | |
| Ετικέτες: |
Προσθήκη ετικέτας
Δεν υπάρχουν, Καταχωρήστε ετικέτα πρώτοι!
|
MARC
| LEADER | 00000cam a2200000 i 4500 | ||
|---|---|---|---|
| 001 | 1/8714 | ||
| 008 | 000712s1998 gr | ||| |||| ||gre|| | ||
| 020 | |a 9602863382 | ||
| 035 | |l 10062786 | ||
| 040 | |a GR-MyUA |b gre |e AACR2 | ||
| 041 | 1 | |a gre |h eng | |
| 082 | 0 | |a 659.2 | |
| 100 | 1 | |a Wilcox, Dennis L. | |
| 245 | 1 | 0 | |a Δημόσιες σχέσεις : |b στρατηγικές & τεχνικές / |c Dennis L. Wilcox, Philiph H. Ault, Warren K. Agee ; απόδοση-επιμέλεια Νίκος Σαρρής. |
| 250 | |a 4η έκδ. | ||
| 260 | |a Αθήνα : |b Ελλην, |c c1998. | ||
| 300 | |a 821 σ. | ||
| 500 | |a Τίτλος πρωτοτύπου: Public relations : strategies and tactics. | ||
| 504 | |a Περιέχει βιβλιογραφία. | ||
| 650 | 0 | 0 | |a Public relations. |
| 650 | 0 | 0 | |a Public records |z United States. |
| 700 | 1 | |a Ault, Philip H., |d 1914- | |
| 700 | 1 | |a Agee, Warren Kendall. | |
| 700 | 1 | |a Σαρρής, Νίκος, |e edt | |
| 852 | |a INST |b CHIOS |e 20000712 |h 659.2 WIL |p 005200017492 |q 005200017492 |t BK |y 0 | ||
| 852 | |a INST |b CHIOS |e 20010807 |h 659.2 WIL |p 005200021067 |q 005200021067 |t BK |y 0 | ||
| 901 | |a BIBL2-2000-2 | ||
| 901 | |a BIBL2-2001-2 | ||
| 909 | |a Χ |b 076109 | ||
| 909 | |a Χ |b 083838 | ||
| 970 | |a ΣΠΕΝΤΖΑ |b ΕΛΕΝΗ |z 2000/08/09 | ||